000 00888nam a2200253Ia 4500
003 OSt
005 20220923223923.0
006 a|||||r|||| 00| 0
007 ta
008 220922b |||||||| |||| 00| 0 hin d
024 _a223,343
037 _cTextual
040 _aARTS
_cARTS
_bhin
041 _2hin
_ahin
082 _a4:(P152), 152P4-;1
100 _aशर्मा, ठाकुरदत्त, 'आलोक'
245 0 _aहिन्दी पत्रकारिता एवं जनसंचार
246 _aHindī patrakāritā evan janasanchāra
250 _aसंस्करण - 2
260 _aनई दिल्ली
_b वाणी प्रकाशन
_c2004
300 _a224पृ.
_ccm.
942 _h4:(P152), 152P4-;1
_cTEXL
_2CC
999 _c368249
_d368249